| 000 | 00578nam a2200145 i 4500 | ||
|---|---|---|---|
| 001 | 177577 | ||
| 003 | ES-MaACL | ||
| 005 | 20230906220351.0 | ||
| 008 | 110404s1884 sp |||| | spa d | ||
| 110 | 2 |
_aAteneo de Granada. _9145954 |
|
| 245 | 1 | 0 |
_aMemoria de la solemne sesión celebrada por el Ateneo de Granada con motivo de la adjudicación de premios en el certamen convocado por dicha sociedad con el nombre de Ilibérica _b: 20 de junio de 1884. |
| 260 |
_aGranada : _b[s.n.], _c1884 ( _fImp. de La Lealtad) |
||
| 300 |
_a36 p. ; _c20 cm. |
||
| 852 |
_aES-MaACL _jT-367-F-12 |
||
| 999 |
_c177577 _d177577 |
||